Financing College (Record no. 1942)

MARC details
000 -LEADER
fixed length control field 00434nam a2200157Ia 4500
008 - FIXED-LENGTH DATA ELEMENTS--GENERAL INFORMATION
fixed length control field 230312s9999||||xx |||||||||||||| ||und||
020 ## - INTERNATIONAL STANDARD BOOK NUMBER
International Standard Book Number 0-8129-2827-x
082 ## - DEWEY DECIMAL CLASSIFICATION NUMBER
Classification number 378.30978
Item number DAV
100 ## - MAIN ENTRY--PERSONAL NAME
Personal name Kristin Davis
245 #0 - TITLE STATEMENT
Title Financing College
260 ## - PUBLICATION, DISTRIBUTION, ETC.
Name of publisher, distributor, etc. Kiplinger Books
Place of publication, distribution, etc. Washington
Date of publication, distribution, etc. 1996
300 ## - PHYSICAL DESCRIPTION
Extent 288
546 ## - LANGUAGE NOTE
Language note Eng.
650 ## - SUBJECT ADDED ENTRY--TOPICAL TERM
Topical term or geographic name entry element Management
Form subdivision Affording Gold Plated Diploma, Where to keep your college Mony
942 ## - ADDED ENTRY ELEMENTS (KOHA)
Koha item type BOOK
Holdings
Withdrawn status Lost status Source of classification or shelving scheme Damaged status Not for loan Home library Current library Date acquired Total Checkouts Full call number Barcode Date last seen Price effective from Koha item type
    Dewey Decimal Classification     Superior Information Resource Center (SIRC) Superior University - City Campus Superior Information Resource Center (SIRC) Superior University - City Campus 03/13/2023   378.30978 DAV 1952 03/13/2023 03/13/2023 BOOK

Powered by Koha